[Event "Nezhmetdinov Memorial 40th"]
[Site "Kazan"]
[Date "2018.09.19"]
[Round "7"]
[White "Efremov, Vladislav"]
[Black "Gabitov, Bulat"]
[Result "1-0"]
[WhiteElo "2095"]
[BlackElo "1998"]
[PlyCount "91"]
[EventDate "2018.09.13"]
[EventType "swiss"]
[EventRounds "9"]
[EventCountry "RUS"]
[SourceTitle "CBM 186 Extra"]
[Source "ChessBase"]
[SourceDate "2018.08.24"]
[SourceVersion "1"]
[SourceVersionDate "2018.08.24"]
[SourceQuality "1"]

1. d4 Nf6 2. c4 e6 3. Nf3 Bb4+ 4. Bd2 Qe7 5. g3 b6 6. Bg2 Bb7 7. 0-0 0-0 8. Bf4 Bd6 9. Be5 Bxe5 10. dxe5 Ne4 11. Qc2 Na6 12. a3 d5 13. exd6 Nxd6 14. Nc3 Rfd8 15. Rfd1 Rab8 16. Ne5 Bxg2 17. Kxg2 c5 18. Qa4 Qb7+ 19. Kg1 Rbc8 20. Rd3 Nb8 21. Rad1 Qe7 22. Nb5 Nxb5 23. cxb5 f6 24. Nc6 Nxc6 25. bxc6 Rxd3 26. Rxd3 Rd8 27. Rd7 Rxd7 28. cxd7 Kf7 29. Qc6 Qd8 30. Qd6 g6 31. Kf1 a6 32. e3 b5 33. Ke2 a5 34. Kd3 f5 35. h4 Kf6 36. f3 Kf7 37. e4 c4+ 38. Kc2 b4 39. a4 fxe4 40. fxe4 h6 41. e5 g5 42. hxg5 hxg5 43. g4 b3+ 44. Kc3 Qa8 45. d8Q Qf3+ 46. Kxc4 1-0

[Event "Nezhmetdinov Memorial 40th"]
[Site "Kazan"]
[Date "2018.09.18"]
[Round "6"]
[White "Filippova, Margarita"]
[Black "Gabitov, Bulat"]
[Result "1/2-1/2"]
[WhiteElo "2103"]
[BlackElo "1998"]
[PlyCount "88"]
[EventDate "2018.09.13"]
[EventType "swiss"]
[EventRounds "9"]
[EventCountry "RUS"]
[SourceTitle "CBM 186 Extra"]
[Source "ChessBase"]
[SourceDate "2018.08.24"]
[SourceVersion "1"]
[SourceVersionDate "2018.08.24"]
[SourceQuality "1"]

1. d4 Nf6 2. Nf3 c5 3. d5 e6 4. Nc3 d6 5. e4 exd5 6. exd5 Be7 7. Be2 0-0 8. 0-0 Na6 9. Nb5 Nc7 10. Nxc7 Qxc7 11. c4 Nd7 12. Bd3 Bf6 13. Ng5 g6 14. Ne4 Bg7 15. Bf4 Ne5 16. Be2 Bf5 17. Ng3 Bd7 18. Qd2 f5 19. Bh6 Bxh6 20. Qxh6 Qd8 21. Qf4 Qf6 22. h4 Rae8 23. Rab1 Bc8 24. a3 b6 25. b4 Kg7 26. Rfd1 Re7 27. Rb3 Rfe8 28. Nf1 Ng4 29. Bxg4 Re4 30. Qg5 Qxg5 31. hxg5 fxg4 32. Re3 h6 33. gxh6+ Kxh6 34. Rde1 Rxe3 35. Nxe3 Kg5 36. g3 Bf5 37. Re2 Bd3 38. Rd2 Be4 39. bxc5 bxc5 40. Rb2 Re7 41. a4 Bf3 42. a5 Rh7 43. Ng2 Re7 44. Ne3 Rh7 1/2-1/2

[Event "Nezhmetdinov Memorial 40th"]
[Site "Kazan"]
[Date "2018.09.13"]
[Round "1"]
[White "Gabitov, Bulat"]
[Black "Mokshanov, Alexey"]
[Result "0-1"]
[WhiteElo "1998"]
[BlackElo "2439"]
[PlyCount "96"]
[EventDate "2018.09.13"]
[EventType "swiss"]
[EventRounds "9"]
[EventCountry "RUS"]
[SourceTitle "CBM 186 Extra"]
[Source "ChessBase"]
[SourceDate "2018.08.24"]
[SourceVersion "1"]
[SourceVersionDate "2018.08.24"]
[SourceQuality "1"]

1. d4 d5 2. c4 e6 3. Nf3 Nf6 4. g3 dxc4 5. Bg2 a6 6. 0-0 Nc6 7. Bg5 Be7 8. e3 Bd7 9. Nbd2 b5 10. Ne5 Nd5 11. Bxe7 Qxe7 12. Nxd7 Qxd7 13. Qh5 0-0 14. Rfd1 Ncb4 15. Ne4 Qe7 16. Nc5 c6 17. a3 Nf6 18. Qe2 Nbd5 19. Qd2 Nd7 20. Nxd7 Qxd7 21. e4 Nb6 22. Qg5 h6 23. Qe3 Na4 24. Rd2 Rad8 25. Rad1 Qc7 26. b3 cxb3 27. Qxb3 c5 28. dxc5 Rxd2 29. Rxd2 Qxc5 30. h3 Rc8 31. Qd3 Nb2 32. Qd7 Nc4 33. Rd1 Rf8 34. a4 Nb6 35. Qd6 Qxd6 36. Rxd6 Nxa4 37. Rxa6 Rb8 38. e5 Nc3 39. Ra3 b4 40. Rb3 Na4 41. Kf1 Nc5 42. Rb1 b3 43. Ke2 Na4 44. Kd3 Rc8 45. Kd4 b2 46. Be4 Rc1 47. h4 f5 48. exf6 gxf6 0-1

[Event "Nezhmetdinov Memorial 39th"]
[Site "Kazan"]
[Date "2017.06.02"]
[Round "3"]
[White "Kharmunova, Nadezhda"]
[Black "Gabitov, Bulat"]
[Result "1-0"]
[WhiteElo "2137"]
[BlackElo "1795"]
[PlyCount "83"]
[EventDate "2017.05.31"]
[EventType "swiss"]
[EventRounds "9"]
[EventCountry "RUS"]
[SourceTitle "EXT 2018"]
[Source "ChessBase"]
[SourceDate "2017.10.13"]
[SourceVersion "1"]
[SourceVersionDate "2017.10.13"]
[SourceQuality "1"]

1. d4 Nf6 2. c4 c5 3. d5 e6 4. Nc3 exd5 5. cxd5 d6 6. e4 g6 7. Nf3 Bg7 8. Bd3 0-0 9. 0-0 a6 10. a4 Re8 11. Nd2 Ng4 12. Be2 Nh6 13. Nc4 f5 14. Bf4 Nf7 15. a5 Bxc3 16. bxc3 Rxe4 17. Bc1 Nd7 18. Nd2 Re8 19. c4 Nf6 20. Bb2 f4 21. Re1 Ne5 22. Nf3 Nfd7 23. Qc1 Qf6 24. Nd2 Qf5 25. Qc3 Nf6 26. Rab1 g5 27. Ba1 g4 28. Rb6 f3 29. Bf1 fxg2 30. Bxg2 Nd3 31. Rxe8+ Nxe8 32. Ne4 Ne5 33. Nxd6 Nxd6 34. Rxd6 Nf3+ 35. Bxf3 Qb1+ 36. Kg2 gxf3+ 37. Qxf3 Qxa1 38. Rd8+ Kg7 39. Qf8+ Kg6 40. Rd6+ Kg5 41. f4+ Kg4 42. h3+ 1-0